Next generation transport networks: data, management, and control planes (Record no. 8265)

000 -LEADER
fixed length control field 00806 a2200193 4500
020 ## - INTERNATIONAL STANDARD BOOK NUMBER
International Standard Book Number 0387240675
020 ## - INTERNATIONAL STANDARD BOOK NUMBER
International Standard Book Number 0387240683
040 ## - CATALOGING SOURCE
Original cataloging agency DLC
Language of cataloging DLC
082 00 - DEWEY DECIMAL CLASSIFICATION NUMBER
Classification number 621.382/16
245 00 - TITLE STATEMENT
Title Next generation transport networks: data, management, and control planes
Remainder of title data, management, and control planes
Statement of responsibility, etc. Manohar Naidu Ellanti ... [et al.].
260 ## - PUBLICATION, DISTRIBUTION, ETC.
Place of publication, distribution, etc. New York :
Name of publisher, distributor, etc. Springer,
Date of publication, distribution, etc. c2005.
300 ## - PHYSICAL DESCRIPTION
Extent xi, 710 p. :
Other physical details ill. ;
Dimensions 25 cm.
650 #0 - SUBJECT ADDED ENTRY--TOPICAL TERM
Topical term or geographic name entry element Telecommunication
General subdivision Switching systems.
650 #0 - SUBJECT ADDED ENTRY--TOPICAL TERM
Topical term or geographic name entry element Telecommunication systems.
700 1# - ADDED ENTRY--PERSONAL NAME
Personal name Ellanti, Manohar Naidu,
Dates associated with a name 1966-
856 42 - ELECTRONIC LOCATION AND ACCESS
Materials specified Publisher description
Uniform Resource Identifier <a href="http://www.loc.gov/catdir/enhancements/fy0663/2005040445-d.html">http://www.loc.gov/catdir/enhancements/fy0663/2005040445-d.html</a>
856 42 - ELECTRONIC LOCATION AND ACCESS
Materials specified Table of contents only
Uniform Resource Identifier <a href="http://www.loc.gov/catdir/enhancements/fy0819/2005040445-t.html">http://www.loc.gov/catdir/enhancements/fy0819/2005040445-t.html</a>
942 ## - ADDED ENTRY ELEMENTS (KOHA)
Koha item type Book
Call number prefix 621.38216 ELL
Source of classification or shelving scheme
Holdings
Withdrawn status Lost status Damaged status Not for loan Collection code Permanent Location Current Location Shelving location Date acquired Source of acquisition Cost, normal purchase price Total Checkouts Full call number Barcode Date last seen Price effective from Koha item type
          Central Library (CL) Central Library (CL) General Stacks 12/27/2005 A & J Def Tek Concultants 6084.06   621.38216 ELL SEECS006776 11/14/2012 01/05/2017 Book
© 2023 Central Library, National University of Sciences and Technology. All Rights Reserved.